Gaming Quiz

Random Gaming Quiz

Resident evil playable characters Quiz Stats

 Plays Quiz not verified by Sporcle

Challenge
Share
Tweet
Embed
Score 0/31 Timer 05:00
0 Plays Today
Games Character % Correct
RE 1, CV, UC, 5, DCChris Redfield
98.7%
RE 2, Gaiden, 4, Degen., DCLeon S. Kennedy
96.8%
RE 1, 3, UC, 5Jill Valentine
96.7%
RE 2, CV, S2, DCClaire Redfield
90.6%
RE 2, 4, UCAda Wong
85.9%
RE Umbrella Chronicles(UC)Albert Wesker
84.6%
RE 1, 0, UCRebecca Chambers
82.3%
RE 5Sheva Alomar
77.3%
RE GaidenBarry Burton
71.2%
RE 2Sherry Birkin
67.9%
RE 3, UCCarlos Oliveira
62.7%
RE 4Ashley Graham
61.6%
RE 2, UCHUNK
60.5%
RE 0, UCBilly Coen
60.5%
RE CV, S2, DCSteve Burnside
51.7%
RE Darkside Chronicles(DC)Jack Krauser
51.1%
Games Character % Correct
RE 5Josh Stone
40.3%
RE Outbreak(s)Kevin Ryman
27.8%
RE Outbreak(s)Jim Chapman
24.7%
RE Outbreak(s)Cindy Lennox
24.5%
RE Outbreak(s)Yoko Suzuki
24.1%
RE Outbreak(s)Mark Wilkins
22.3%
RE Outbreak(s)Alyssa Ashcroft
22%
RE Outbreak(s)David King
21.7%
RE Survivor (S)Ark Thompson
19.1%
RE Outbreak(s)George Hamilton
18.2%
RE Dead AimBruce McGivern
15.8%
RE Dead AimFong Ling
15%
RE GaidenLucia
8.7%
RE Confidential Report (CR)Tyler Hamilton
4.8%
RE CRNaomi McClain
4.4%

You're not logged in!

Compare scores with friends on all Sporcle quizzes.
OR
Log In

You Might Also Like...

Show Comments

Extras

Top Quizzes Today


Score Distribution

Your Account Isn't Verified!

In order to create a playlist on Sporcle, you need to verify the email address you used during registration. Go to your Sporcle Settings to finish the process.

Report this User

Report this user for behavior that violates our Community Guidelines.

Details: